| 000 | 00363nam a2200097Ia 4500 | ||
|---|---|---|---|
| 005 | 20250424112927.0 | ||
| 008 | 250424s9999 xx 000 0 und d | ||
| 300 | _a95 p. :ill. ; 25 cm. | ||
| 650 | _a Finance--Nigeria--Periodicals. Nigeria. Wirtschaftswissenschaft. Nigeria--Economic conditions--1970---Periodicals. Nigeria--Commerce--Periodicals. | ||
| 942 | _cSR | ||
| 999 |
_c37926 _d37926 |
||